Contrato de trabajo bancario y de seguros /

Tallennettuna:
Bibliografiset tiedot
Päätekijä: Banchs, Ireneo Ernesto (autor)
Aineistotyyppi: Kirja
Kieli:espanja
Julkaistu: Buenos Aires, Argentina : Ediar, 1967, c1967
Tagit: Lisää tagi
Ei tageja, Lisää ensimmäinen tagi!

MARC

LEADER 00000nam^a2200000^a^4500
001 000263579
005 20250620000000.0
009 20260310110619.123
025 |a Donación sin dato, 1 ejemplar 
037 |a Acervo ITESO - Biblioteca 
041 |a ESP 
082 |a 344. 8201891  |b BAN 
100 |a Banchs, Ireneo Ernesto  |e (autor) 
245 1 0 |a Contrato de trabajo bancario y de seguros /  |c I.E. Banchs. 
264 4 |a Buenos Aires, Argentina :  |b Ediar,  |c 1967, c1967 
300 |a 386, III p. 
336 |a texto  |b txt  |2 rdacontenido 
337 |a sin mediación  |b n  |2 rdamedio 
338 |a volumen  |b nc  |2 rdasoporte 
649 |a XX 
910 |a Fondo General 
920 |a Impresos - Libros 
930 |a Colección General 
905 |a 101 
901 |a 0500145435  |b IT1  |c ACC  |d DT  |i D  |u 20250620 
902 |a https://opac.biblio.iteso.mx/vufind/Record/000263579